[Event "IX Festival Open"]
[Site "Amantea ITA"]
[Date "2011.09.08"]
[Round "5"]
[White "Di Salvio, Giuseppe"]
[Black "Barca, Lorenzo"]
[Result "1/2-1/2"]
[WhiteElo "1785"]
[BlackElo "1608"]
[PlyCount "93"]
[EventDate "2011.09.04"]

1. d4 g6 2. c4 c5 3. d5 Bg7 4. Nc3 a6 5. e4 d6 6. Nf3 Nd7 7. Be2 Ngf6 8. O-O
O-O 9. h3 h6 10. Be3 Rb8 11. Qd2 Kh7 12. a4 Qa5 13. Qc2 Nh5 14. Nd2 Bxc3 15.
bxc3 Ndf6 16. Nf3 Nd7 17. Qd2 Nhf6 18. Bd3 Ne5 19. Nxe5 dxe5 20. Bxh6 Rh8 21.
Be3 Kg7 22. f4 Bxh3 23. gxh3 Rxh3 24. Kg2 Rbh8 25. Rh1 Rxh1 26. Rxh1 Rxh1 27.
Kxh1 exf4 28. Bxf4 Qxa4 29. Kg2 Qd7 30. Qe2 Nh5 31. Be3 f6 32. Qf3 b6 33. Be2
a5 34. Bc1 a4 35. Qh3 Qa7 36. Bxh5 gxh5 37. Qxh5 a3 38. Bh6+ Kh7 39. Bc1+ Kg8
40. Qg6+ Kh8 41. Bh6 e5 42. Qxf6+ Kh7 43. Bc1 a2 44. Bb2 Qa4 45. Qf7+ Kh8 46.
Qf8+ Kh7 47. Qf7+ 1/2-1/2

[Event "IX Festival Open"]
[Site "Amantea ITA"]
[Date "2011.09.08"]
[Round "5"]
[White "Ferro, Ferruccio"]
[Black "Nicoletta, Oscare"]
[Result "1-0"]
[WhiteElo "1480"]
[BlackElo "1266"]
[PlyCount "29"]
[EventDate "2011.09.04"]

1. e4 e6 2. f4 d6 3. Nf3 e5 4. Bc4 f6 5. O-O Ne7 6. fxe5 dxe5 7. Nxe5 fxe5 8.
Qh5+ Ng6 9. Bf7+ Kd7 10. Kh1 Qe7 11. Bxg6 hxg6 12. Qxh8 Ke8 13. d3 Be6 14. Bg5
Qd7 15. Qxf8# 1-0

[Event "IX Festival Open"]
[Site "Amantea ITA"]
[Date "2011.09.08"]
[Round "5"]
[White "Galante, Benedetto"]
[Black "Rubino, Giovanni"]
[Result "1/2-1/2"]
[WhiteElo "1682"]
[BlackElo "1434"]
[PlyCount "83"]
[EventDate "2011.09.04"]

1. e4 e5 2. Nf3 Nc6 3. Bc4 Be7 4. c3 d6 5. d3 Nf6 6. Nbd2 O-O 7. O-O d5 8. Bb5
dxe4 9. Bxc6 exf3 10. Bxf3 Qxd3 11. Be2 Qg6 12. Kh1 e4 13. f3 e3 14. Nc4 Bc5
15. Bxe3 Bxe3 16. Nxe3 Be6 17. Bd3 Qg5 18. Re1 Rad8 19. Qc2 g6 20. Re2 Rd7 21.
Nf1 Rfd8 22. Be4 Nxe4 23. Qxe4 Rd1 24. Re1 Rxe1 25. Rxe1 c6 26. b3 Re8 27. Qc2
Re7 28. Rd1 Rd7 29. Nd2 Bf5 30. Ne4 Bxe4 31. fxe4 Rxd1+ 32. Qxd1 Qe3 33. Qd8+
Kg7 34. Qd4+ Qxd4 35. cxd4 f5 36. e5 f4 37. Kg1 Kf7 38. Kf2 Ke6 39. Kf3 g5 40.
g4 Kd5 41. e6 Kxe6 42. Ke4 1/2-1/2

[Event "IX Festival Open"]
[Site "Amantea ITA"]
[Date "2011.09.08"]
[Round "5"]
[White "Gemelli, Antonio"]
[Black "Denozza, Mauro"]
[Result "1/2-1/2"]
[WhiteElo "1458"]
[BlackElo "1664"]
[PlyCount "85"]
[EventDate "2011.09.04"]

1. Nf3 d6 2. g3 Bg4 3. Bg2 Nd7 4. h3 Bh5 5. d3 e5 6. O-O c6 7. Nbd2 Ngf6 8. c4
Be7 9. b3 O-O 10. Bb2 Bxf3 11. Nxf3 Re8 12. Re1 Bf8 13. Qc2 Rc8 14. e3 d5 15.
Rad1 Qc7 16. a3 Bd6 17. b4 a5 18. Qd2 axb4 19. axb4 c5 20. b5 d4 21. exd4 exd4
22. Rxe8+ Rxe8 23. Re1 Rxe1+ 24. Qxe1 b6 25. Ng5 Ne5 26. Qe2 Qa7 27. f4 Ned7
28. Qe1 Qa2 29. Qa1 Qxa1+ 30. Bxa1 h6 31. Ne4 Nxe4 32. Bxe4 Nf6 33. Bf3 Kf8 34.
Bb2 Ke7 35. Bc1 g6 36. g4 h5 37. g5 Ne8 38. Kf2 Ng7 39. Bd5 Ne6 40. Kf3 f6 41.
gxf6+ Kxf6 42. Bxe6 Kxe6 43. Ke4 1/2-1/2

[Event "IX Festival Open"]
[Site "Amantea ITA"]
[Date "2011.09.08"]
[Round "5"]
[White "Martino, Giovanni"]
[Black "Luongo, Antonio"]
[Result "1-0"]
[WhiteElo "1542"]
[BlackElo "1776"]
[PlyCount "41"]
[EventDate "2011.09.04"]

1. e4 e6 2. d3 d5 3. Nd2 dxe4 4. dxe4 Nd7 5. Ngf3 Ngf6 6. e5 Ng4 7. Qe2 Bc5 8.
Ne4 Bb4+ 9. c3 Be7 10. Bf4 b6 11. g3 Bb7 12. Bg2 Qc8 13. O-O O-O 14. h3 f5 15.
Neg5 Bxg5 16. Nxg5 Bxg2 17. Kxg2 Qb7+ 18. Kg1 Nh6 19. Nxe6 Rfe8 20. Qc4 Rac8
21. Nc5+ 1-0

[Event "IX Festival Open"]
[Site "Amantea ITA"]
[Date "2011.09.08"]
[Round "5"]
[White "Mazzuca, Aldo"]
[Black "Greco, Simone"]
[Result "0-1"]
[WhiteElo "1458"]
[BlackElo "1570"]
[PlyCount "96"]
[EventDate "2011.09.04"]

1. d4 e6 2. Nf3 b6 3. g3 Bb7 4. Bg2 Nf6 5. O-O Be7 6. c3 O-O 7. Bg5 h6 8. Bf4
d5 9. Nbd2 Nbd7 10. Ne5 Nh5 11. e3 Nxf4 12. exf4 c5 13. dxc5 Nxc5 14. b4 Nd7
15. Ndf3 Qc7 16. Rc1 Bf6 17. Qd2 Nxe5 18. fxe5 Bxe5 19. Nxe5 Qxe5 20. Rfe1 Qf6
21. Qe3 Rfc8 22. a3 Rc7 23. Re2 Rac8 24. Rec2 d4 25. Qd3 Bxg2 26. Kxg2 Rxc3 27.
Rxc3 Rxc3 28. Rxc3 dxc3 29. Qc4 Qe5 30. Kf1 a6 31. Qe2 Qd5 32. Qc2 Qh1+ 33. Ke2
Qa1 34. a4 Qb2 35. Kd3 Qxb4 36. Qxc3 Qxa4 37. Qc8+ Kh7 38. Qc7 Qd1+ 39. Ke3
Qb3+ 40. Ke2 Qb5+ 41. Ke1 a5 42. Qxf7 Qe5+ 43. Kf1 a4 44. Qb7 Qb5+ 45. Kg1 a3
46. Qe4+ Qf5 47. Qc4 Qb1+ 48. Kg2 a2 0-1

[Event "IX Festival Open"]
[Site "Amantea ITA"]
[Date "2011.09.08"]
[Round "5"]
[White "Mileo, Miguelito"]
[Black "Paragliola, Gennaro"]
[Result "1-0"]
[WhiteElo "1833"]
[BlackElo "1576"]
[PlyCount "78"]
[EventDate "2011.09.04"]

1. d4 Nf6 2. Bf4 d5 3. e3 c6 4. c3 Bf5 5. Nf3 g6 6. h3 Bg7 7. Be2 O-O 8. Nbd2
Nbd7 9. O-O c5 10. Qb3 b6 11. Rac1 c4 12. Qd1 Ne4 13. Nxe4 Bxe4 14. Nd2 Nf6 15.
g4 Qd7 16. f3 Bd3 17. Bxd3 cxd3 18. Rf2 Qb5 19. Nf1 Nd7 20. h4 Qa6 21. b4 e5
22. dxe5 Bxe5 23. b5 Qc8 24. Qxd3 Bxf4 25. exf4 Qc5 26. Nd2 Rfd8 27. Nb3 Qa3
28. Qb1 Qa4 29. Nd4 Qc4 30. Kg2 Re8 31. Qb2 Nc5 32. f5 Nd3 33. Qd2 Nxc1 34. f6
Qc5 35. Qxc1 Qd6 36. Nf5 Qxf6 37. Nh6+ Kf8 38. g5 Qe5 39. Ng4 Qe3 1-0

[Event "IX Festival Open"]
[Site "Amantea ITA"]
[Date "2011.09.08"]
[Round "5"]
[White "Olivo, Paolo"]
[Black "La Franca, Vincenzo"]
[Result "1-0"]
[WhiteElo "1815"]
[BlackElo "1640"]
[PlyCount "89"]
[EventDate "2011.09.04"]

1. d4 d5 2. c4 e6 3. Nc3 f5 4. Nf3 c6 5. Bf4 Be7 6. e3 Nf6 7. Bd3 O-O 8. O-O
Ne4 9. cxd5 exd5 10. Qb3 Kh8 11. Qc2 Nd7 12. Ne5 Nxe5 13. Bxe5 Bd6 14. Bxd6
Qxd6 15. f3 Nxc3 16. bxc3 Qe7 17. e4 fxe4 18. fxe4 Rxf1+ 19. Rxf1 dxe4 20. Bxe4
g6 21. c4 Bd7 22. Qd3 Re8 23. Bf3 Bf5 24. Qc3 Qe3+ 25. Qxe3 Rxe3 26. Rd1 Rd3
27. Rxd3 Bxd3 28. c5 Bc4 29. a4 a5 30. Bd1 Kg7 31. Kf2 Kf6 32. h4 h6 33. g4 Ke6
34. Kf3 Kf6 35. Ke3 g5 36. h5 Ke6 37. Bc2 Kf6 38. Bf5 Be6 39. Bxe6 Kxe6 40. Ke4
Kf6 41. d5 cxd5+ 42. Kxd5 Ke7 43. Ke5 Kf7 44. Kd6 Kf6 45. Kc7 1-0

[Event "IX Festival Open"]
[Site "Amantea ITA"]
[Date "2011.09.08"]
[Round "5"]
[White "Pelyushenko, Vladyslav"]
[Black "Pelyushenko, Anton"]
[Result "1-0"]
[WhiteElo "1812"]
[BlackElo "1692"]
[PlyCount "119"]
[EventDate "2011.09.04"]

1. d4 Nf6 2. c4 g6 3. Nc3 Bg7 4. e4 d6 5. Be2 O-O 6. Nf3 c5 7. O-O cxd4 8. Nxd4
e5 9. Ndb5 Ne8 10. Nd5 a6 11. Nbc3 Nf6 12. Be3 Nbd7 13. b4 Nxd5 14. Nxd5 Qh4
15. f3 Rb8 16. Ba7 Ra8 17. Bf2 Qd8 18. a4 f5 19. c5 Nf6 20. Bc4 Kh8 21. Nb6 Rb8
22. Qxd6 Qxd6 23. cxd6 Rd8 24. Rfd1 fxe4 25. fxe4 Nxe4 26. d7 Bxd7 27. Rxd7
Rxd7 28. Nxd7 Rd8 29. Nb6 Nc3 30. Bc5 e4 31. Re1 Bh6 32. Be7 Re8 33. Bf6+ Bg7
34. Bxg7+ Kxg7 35. Rc1 e3 36. Rxc3 e2 37. Bxe2 Rxe2 38. Rc7+ Kh6 39. Rxb7 Rb2
40. Nd5 a5 41. b5 Ra2 42. Nf6 Ra1+ 43. Kf2 Ra2+ 44. Ke3 Ra3+ 45. Kd4 Rxa4+ 46.
Kc5 Ra1 47. h4 g5 48. hxg5+ Kxg5 49. Nxh7+ Kh6 50. b6 a4 51. Kb4 a3 52. Kb3 Kg6
53. Nf8+ Kf6 54. Nd7+ Ke6 55. Ra7 Kd6 56. Rxa3 Rxa3+ 57. Kxa3 Kxd7 58. g4 Kc6
59. g5 Kxb6 60. g6 1-0

[Event "IX Festival Open"]
[Site "Amantea ITA"]
[Date "2011.09.08"]
[Round "5"]
[White "Preiti, Salvatore"]
[Black "Violi, Vincenzo"]
[Result "1-0"]
[WhiteElo "1661"]
[BlackElo "1828"]
[PlyCount "105"]
[EventDate "2011.09.04"]

1. e4 c5 2. Nf3 d6 3. d4 cxd4 4. Nxd4 Nf6 5. Nc3 a6 6. Bd3 e6 7. Nf3 Nbd7 8.
O-O Be7 9. Be3 O-O 10. Qd2 b5 11. a3 Bb7 12. Rae1 Nc5 13. Bxc5 dxc5 14. e5 Nd7
15. Be4 Bxe4 16. Nxe4 Qc7 17. Ng3 Rad8 18. Qf4 Rfe8 19. Qg4 Nf8 20. Nh5 Ng6 21.
Nf4 Nxf4 22. Qxf4 Rd5 23. Rd1 Red8 24. Rxd5 Rxd5 25. Qg3 Qd8 26. h3 Rd1 27. Ne1
Qd4 28. Qf3 Qd5 29. Qxd5 Rxd5 30. Nf3 h6 31. Re1 Bd8 32. Re2 Rd1+ 33. Kh2 Bc7
34. g3 Rd5 35. b3 g5 36. g4 f6 37. c4 Rd3 38. Kg2 Kf7 39. exf6 Kxf6 40. cxb5
axb5 41. Re3 Rxe3 42. fxe3 Ba5 43. Kf1 e5 44. Ke2 Ke6 45. e4 Kd6 46. Kd3 Ke6
47. a4 b4 48. Kc4 Kd6 49. Kb5 Bd8 50. a5 c4 51. bxc4 b3 52. Nd2 b2 53. Nb1 1-0

[Event "IX Festival Open"]
[Site "Amantea ITA"]
[Date "2011.09.08"]
[Round "5"]
[White "Rizzuti, Pasquale"]
[Black "Tricomi, Massimo"]
[Result "1-0"]
[WhiteElo "1856"]
[BlackElo "1889"]
[PlyCount "43"]
[EventDate "2011.09.04"]

1. e4 e6 2. d4 d5 3. Nd2 c5 4. exd5 Qxd5 5. Ngf3 cxd4 6. Bc4 Qd6 7. O-O Nf6 8.
Nb3 Nc6 9. Nbxd4 Nxd4 10. Nxd4 a6 11. Bg5 Qc7 12. Qe2 Bd7 13. Rfe1 O-O-O 14.
Rad1 Bd6 15. h3 h6 16. Be3 Bc5 17. Rd3 Bxd4 18. Bxd4 Bc6 19. Be5 Qa5 20. Rc3
Ne4 21. Qxe4 Bxe4 22. Bxe6# 1-0

[Event "IX Festival Open"]
[Site "Amantea ITA"]
[Date "2011.09.08"]
[Round "5"]
[White "Russo, Arianna"]
[Black "Scerra, Ezio"]
[Result "1/2-1/2"]
[WhiteElo "1696"]
[BlackElo "1512"]
[PlyCount "63"]
[EventDate "2011.09.04"]

1. d4 g6 2. c4 Bg7 3. Nc3 d6 4. e4 c6 5. Be3 Nf6 6. f3 O-O 7. Bd3 Na6 8. Nge2
Nb4 9. O-O Nxd3 10. Qxd3 e5 11. d5 Bd7 12. dxc6 Bxc6 13. Rfd1 Ne8 14. c5 Qd7
15. b4 a6 16. cxd6 f5 17. a4 Nf6 18. b5 fxe4 19. Qc4+ Qf7 20. Qxf7+ Rxf7 21.
bxc6 bxc6 22. Nxe4 Nd5 23. Rac1 Nxe3 24. Rd3 Nd5 25. Rb1 a5 26. Nc1 Rd7 27. Nb3
Rb8 28. Rdd1 Rxd6 29. Nxd6 Nc3 30. Re1 Nxb1 31. Rxb1 Rb4 32. Nd2 1/2-1/2

[Event "IX Festival Open"]
[Site "Amantea ITA"]
[Date "2011.09.08"]
[Round "5"]
[White "Sorbelli, Massimo"]
[Black "Catapano, Francesco"]
[Result "1-0"]
[WhiteElo "1896"]
[BlackElo "1787"]
[PlyCount "71"]
[EventDate "2011.09.04"]

1. d4 Nf6 2. c4 g6 3. Nc3 Bg7 4. e4 d6 5. Be2 O-O 6. Be3 Nbd7 7. h4 c5 8. d5
Ne5 9. Nh3 Neg4 10. Bd2 h5 11. f3 Ne5 12. Nf2 e6 13. g4 exd5 14. g5 Nh7 15.
Nxd5 Be6 16. Bc3 Nc6 17. Bxg7 Kxg7 18. Qd2 Nd4 19. Qc3 Bxd5 20. exd5 f6 21.
gxf6+ Qxf6 22. Ne4 Qe5 23. Kd2 Rae8 24. Rae1 Rf4 25. Bd1 Nxf3+ 26. Bxf3 Qxc3+
27. bxc3 Rxf3 28. Nxd6 Rf2+ 29. Kd3 Rf3+ 30. Kc2 Rf2+ 31. Kb3 Rxe1 32. Rxe1 b6
33. Re7+ Kh6 34. Nf7+ Rxf7 35. Rxf7 g5 36. d6 1-0

[Event "IX Festival Open"]
[Site "Amantea ITA"]
[Date "2011.09.08"]
[Round "5"]
[White "Stoja, Rocco"]
[Black "Donati, Michele"]
[Result "1/2-1/2"]
[WhiteElo "1772"]
[BlackElo "1703"]
[PlyCount "29"]
[EventDate "2011.09.04"]

1. e4 c5 2. Nf3 e6 3. d4 cxd4 4. Nxd4 a6 5. Bd3 Qc7 6. O-O Nc6 7. Nxc6 dxc6 8.
Kh1 b5 9. b3 Bd6 10. f4 e5 11. f5 Nf6 12. Qe2 h5 13. Be3 h4 14. Nd2 c5 15. a4
1/2-1/2

[Event "IX Festival Open"]
[Site "Amantea ITA"]
[Date "2011.09.08"]
[Round "5"]
[White "Suriano, Davide"]
[Black "Panariello, Francesco"]
[Result "1/2-1/2"]
[WhiteElo "1476"]
[BlackElo "1766"]
[PlyCount "88"]
[EventDate "2011.09.04"]

1. c4 c5 2. Nc3 Nc6 3. g3 g6 4. Bg2 Bg7 5. Nf3 e5 6. e3 Nge7 7. d4 cxd4 8. exd4
exd4 9. Nd5 Nxd5 10. cxd5 Qa5+ 11. Bd2 Qxd5 12. O-O O-O 13. Be3 Qc4 14. Bd2 d6
15. Bf4 d5 16. Qd2 Re8 17. a3 Re2 18. Rfe1 Rxd2 19. Re8+ Bf8 20. Bh6 Qc5 21.
Bxf8 Qxf8 22. Rxf8+ Kxf8 23. Nxd2 Be6 24. Rd1 Na5 25. Nf3 Nc4 26. Nxd4 Nxb2 27.
Nxe6+ fxe6 28. Rb1 Nc4 29. Rxb7 Nxa3 30. Bh3 e5 31. Be6 d4 32. Rxh7 a5 33. Rh8+
Ke7 34. Rxa8 Kxe6 35. Rxa5 Nb1 36. Kf1 g5 37. h4 gxh4 38. gxh4 Nd2+ 39. Ke2 Ne4
40. h5 d3+ 41. Kxd3 Nxf2+ 42. Ke3 Ng4+ 43. Kf3 Nf6 44. h6 Kf5 1/2-1/2

[Event "IX Festival Open"]
[Site "Amantea ITA"]
[Date "2011.09.08"]
[Round "5"]
[White "Trifoglio, Giovanni"]
[Black "Caporale, Giuseppe Guido"]
[Result "1-0"]
[WhiteElo "1879"]
[BlackElo "1752"]
[PlyCount "63"]
[EventDate "2011.09.04"]

1. e4 c5 2. c3 Nf6 3. e5 Nd5 4. d4 cxd4 5. Nf3 Nc6 6. Bc4 Nb6 7. Bb3 e6 8. cxd4
d6 9. exd6 Bxd6 10. O-O O-O 11. Nc3 Bd7 12. Bc2 f5 13. a3 Rc8 14. Qe2 Qf6 15.
Rd1 Rce8 16. Qd3 Bb8 17. d5 exd5 18. Nxd5 Nxd5 19. Qxd5+ Be6 20. Qb5 Bc8 21.
Bb3+ Kh8 22. Be3 Ne5 23. Nxe5 Bxe5 24. Bc5 Bxb2 25. Rab1 Qe5 26. Bc4 Be6 27.
Bxf8 Bxc4 28. Qxb2 Qxb2 29. Rxb2 Rxf8 30. Rxb7 a5 31. Ra7 a4 32. Rdd7 1-0

[Event "IX Festival Open"]
[Site "Amantea ITA"]
[Date "2011.09.08"]
[Round "5"]
[White "Valotta, Massimiliano"]
[Black "Serratore, Vincenzo"]
[Result "1/2-1/2"]
[WhiteElo "1855"]
[BlackElo "1859"]
[PlyCount "105"]
[EventDate "2011.09.04"]

1. d4 d5 2. c4 e6 3. e3 Nf6 4. Bd3 c6 5. Ne2 Bd6 6. f4 Ng4 7. O-O f5 8. Qe1 Qe7
9. h3 Nf6 10. c5 Bc7 11. Qh4 Nbd7 12. b4 a6 13. a4 Nf8 14. Nbc3 Ng6 15. Qf2 Bd7
16. a5 Qf7 17. Bb2 h6 18. g3 Ne7 19. Na4 Rd8 20. Rfe1 g5 21. Kf1 Qh5 22. Ng1
Ne4 23. Bxe4 fxe4 24. Nb6 Qg6 25. Ke2 Rf8 26. Kd2 Nf5 27. Ne2 Ke7 28. Rg1 Rf6
29. h4 Rdf8 30. Qh2 Qh5 31. Rh1 gxf4 32. gxf4 Rg6 33. Rag1 Rfg8 34. Rxg6 Rxg6
35. Rg1 Nxh4 36. Kc2 Rxg1 37. Nxg1 Qg4 38. Qh3 h5 39. Nxd7 Kxd7 40. Qxg4 hxg4
41. Ne2 Bd8 42. Ng3 Nf5 43. Nxf5 exf5 44. Kd2 Bh4 45. Ke2 Ke7 46. Bc3 Kf6 47.
Kf1 Kg6 48. Kg2 Kh5 49. Bd2 g3 50. Kh3 g2 51. Kxg2 Kg4 52. Bc3 Bg3 53. Bd2
1/2-1/2

[Event "IX Festival Open"]
[Site "Amantea ITA"]
[Date "2011.09.08"]
[Round "5"]
[White "Vizza, Pietro"]
[Black "Coico, Pompeo"]
[Result "1-0"]
[WhiteElo "1691"]
[BlackElo "1698"]
[PlyCount "87"]
[EventDate "2011.09.04"]

1. Nf3 Nf6 2. g3 d5 3. Bg2 Bg4 4. c4 c6 5. Qb3 Qc7 6. d4 e6 7. Bf4 dxc4 8. Qxc4
Bd6 9. Bxd6 Qxd6 10. O-O O-O 11. Nc3 Nbd7 12. e4 Qe7 13. e5 Nd5 14. Ne4 Rab8
15. Nd6 f6 16. Ne4 Bxf3 17. exf6 Rxf6 18. Nxf6+ Qxf6 19. Bxf3 Qxf3 20. Rae1 Qf6
21. Re4 e5 22. dxe5 Nxe5 23. Qe2 Re8 24. f4 Nf3+ 25. Rxf3 Rxe4 26. Qxe4 h6 27.
Qe5 Qd8 28. Rb3 Nb6 29. Qe6+ Kh8 30. a3 Qd1+ 31. Kg2 Nd5 32. Qe8+ Kh7 33. Qe4+
Kh8 34. Rxb7 Nf6 35. Rb8+ Ng8 36. Qe6 Qc2+ 37. Kh3 Qh7 38. Qf7 h5 39. Rf8 h4
40. Qxg8+ Qxg8 41. Rxg8+ Kxg8 42. Kxh4 Kf7 43. Kg5 a5 44. Kf5 1-0

[Event "IX Festival Open"]
[Site "Amantea ITA"]
[Date "2011.09.09"]
[Round "6"]
[White "Barca, Lorenzo"]
[Black "Mileo, Miguelito"]
[Result "1/2-1/2"]
[WhiteElo "1608"]
[BlackElo "1833"]
[PlyCount "183"]
[EventDate "2011.09.04"]

1. e4 c6 2. d4 d5 3. e5 Bf5 4. g4 Bg6 5. h4 h5 6. g5 e6 7. Bd3 Bxd3 8. Qxd3 g6
9. Ne2 Nd7 10. O-O Ne7 11. Ng3 Qc7 12. Be3 c5 13. c3 c4 14. Qe2 Nf5 15. Nxf5
gxf5 16. Nd2 Be7 17. f4 Nf8 18. Bf2 Ng6 19. Bg3 Kf8 20. Rfc1 a6 21. Kh2 Kg7 22.
Kh3 Rh7 23. Qf3 Rah8 24. Rcb1 Rb8 25. Bf2 Nf8 26. b3 b5 27. bxc4 bxc4 28. Rxb8
Qxb8 29. Rb1 Qc7 30. Qd1 Qa5 31. Qc1 Ba3 32. Qc2 Ng6 33. Kg3 Ne7 34. Nf1 Nc8
35. Ne3 Na7 36. Rb7 Nb5 37. Nxf5+ Kg8 38. Rb8+ Bf8 39. Nh6+ Kg7 40. Rxf8 Rxh6
41. gxh6+ Kxf8 42. Qh7 Qxc3+ 43. Kg2 Qd3 44. Qg7+ Ke7 45. h7 Qe4+ 46. Kg1 Nxd4
47. Qf6+ Kd7 48. Qxf7+ Kc6 49. Qe8+ Kb7 50. Qd7+ Kb6 51. Qd6+ Kb5 52. a4+ Kxa4
53. Qxa6+ Kb3 54. Qb6+ Kc2 55. Qxd4 Qxh7 56. Be1 Kb3 57. Qb6+ Kc2 58. Qa5 Kc1
59. Qa1+ Kc2 60. Qa2+ Kc1 61. Bc3 Qd3 62. Kf2 Qxc3 63. Qe2 Qd3 64. Qxh5 Qd2+
65. Kg3 c3 66. Qf3 Qe1+ 67. Kg4 Qd1 68. h5 Qxf3+ 69. Kxf3 Kd2 70. h6 c2 71. h7
c1=Q 72. h8=Q Qf1+ 73. Kg3 Ke3 74. Qf6 Qg1+ 75. Kh4 Kf3 76. Qxe6 Qh2+ 77. Kg5
Qxf4+ 78. Kg6 Ke4 79. Qf6 Qxe5 80. Qh4+ Kd3 81. Qh3+ Kd4 82. Qb3 Qe4+ 83. Kf6
Qe3 84. Qc2 Qe4 85. Qb3 Qe5+ 86. Kf7 Ke4 87. Qc2+ Kf3 88. Qd1+ Kf4 89. Qf1+ Kg3
90. Qg1+ Kf3 91. Qd1+ Ke4 92. Qe2+ 1/2-1/2

[Event "IX Festival Open"]
[Site "Amantea ITA"]
[Date "2011.09.09"]
[Round "6"]
[White "Caporale, Giuseppe Guido"]
[Black "Sorbelli, Massimo"]
[Result "0-1"]
[WhiteElo "1752"]
[BlackElo "1896"]
[PlyCount "114"]
[EventDate "2011.09.04"]

1. d4 Nf6 2. c4 c6 3. Nc3 d5 4. e3 g6 5. Be2 Bg7 6. Nf3 O-O 7. O-O Nbd7 8. Re1
a6 9. Bf1 Qc7 10. a4 Rd8 11. Qb3 e6 12. e4 dxe4 13. Nxe4 Nxe4 14. Rxe4 e5 15.
Qe3 f5 16. Rh4 e4 17. Ne1 Nf8 18. Nc2 Be6 19. Bd2 b5 20. Bc3 bxc4 21. Na3 Qe7
22. g3 Bf6 23. Nxc4 Bxh4 24. gxh4 Qxh4 25. Ne5 Bd5 26. Qg3 Qxg3+ 27. hxg3 Ne6
28. Be2 f4 29. Bg4 fxg3 30. Bxe6+ Bxe6 31. Nxc6 gxf2+ 32. Kxf2 Rf8+ 33. Ke3
Rae8 34. Ne5 Bd5 35. Bb4 Rf6 36. Bc5 h5 37. b4 g5 38. Rg1 g4 39. b5 axb5 40.
axb5 Kh7 41. Rh1 Rh6 42. Ra1 Ra8 43. Rf1 Kg7 44. b6 Rf6 45. Rb1 Bb7 46. Rd1 Rf5
47. Bd6 g3 48. d5 Ra4 49. Rc1 Bxd5 50. Rc7+ Kf6 51. b7 Bxb7 52. Rxb7 Rxe5 53.
Bxe5+ Kxe5 54. Rb5+ Kf6 55. Rxh5 Ra3+ 56. Ke2 Rf3 57. Rh1 Kg5 0-1

[Event "IX Festival Open"]
[Site "Amantea ITA"]
[Date "2011.09.09"]
[Round "6"]
[White "Catapano, Francesco"]
[Black "Preiti, Salvatore"]
[Result "1-0"]
[WhiteElo "1787"]
[BlackElo "1661"]
[PlyCount "95"]
[EventDate "2011.09.04"]

1. Nf3 Nf6 2. g3 c6 3. Bg2 d5 4. d3 Bg4 5. h3 Bxf3 6. Bxf3 Nbd7 7. Nd2 e5 8. e4
Bb4 9. c3 Ba5 10. O-O Bb6 11. Qe2 O-O 12. Nb3 dxe4 13. dxe4 Nc5 14. Rd1 Qc8 15.
Nxc5 Bxc5 16. Bg2 Qe6 17. Be3 Bxe3 18. Qxe3 b6 19. b3 Rad8 20. Qe2 Rd6 21. Rxd6
Qxd6 22. Rd1 Qe7 23. Qd2 Qa3 24. f3 h6 25. Bf1 Nh5 26. Kf2 Qe7 27. Qd7 Qc5+ 28.
Kg2 Qxc3 29. Qd2 Qc5 30. Rc1 Qe7 31. Rxc6 Rd8 32. Qc1 Qb4 33. Rc8 Rxc8 34.
Qxc8+ Kh7 35. Qf5+ g6 36. Qxf7+ Ng7 37. Qc4 Qd2+ 38. Qe2 Qxe2+ 39. Bxe2 Ne8 40.
f4 exf4 41. gxf4 Kg7 42. e5 Nc7 43. Bc4 Kf8 44. Kf3 Ke7 45. h4 Ne6 46. Bxe6
Kxe6 47. Ke4 a6 48. h5 1-0

[Event "IX Festival Open"]
[Site "Amantea ITA"]
[Date "2011.09.09"]
[Round "6"]
[White "D'Elia, Mario Domenico"]
[Black "Di Salvio, Giuseppe"]
[Result "0-1"]
[WhiteElo "1663"]
[BlackElo "1785"]
[PlyCount "60"]
[EventDate "2011.09.04"]

1. d4 d5 2. Nf3 Nf6 3. g3 c6 4. Bg2 e6 5. Nc3 Be7 6. O-O Nbd7 7. Re1 Ne4 8.
Nxe4 dxe4 9. Nd2 f5 10. Nb3 O-O 11. f4 Nf6 12. e3 Qe8 13. h3 h5 14. Qe2 Qg6 15.
Kh2 Kf7 16. Nd2 b5 17. Nf1 Bd7 18. Bd2 Rh8 19. Red1 a5 20. c3 Nd5 21. Be1 Rh6
22. Kg1 Nf6 23. Nh2 Rah8 24. h4 Ng4 25. Nxg4 hxg4 26. Kf1 Bxh4 27. gxh4 g3 28.
Bd2 Rxh4 29. Kg1 Qh6 30. Bf1 Rh1+ 0-1

[Event "IX Festival Open"]
[Site "Amantea ITA"]
[Date "2011.09.09"]
[Round "6"]
[White "Denozza, Mauro"]
[Black "Brogneri, Giovanni"]
[Result "0-1"]
[WhiteElo "1664"]
[BlackElo "1736"]
[PlyCount "36"]
[EventDate "2011.09.04"]

1. d4 e6 2. Nf3 f5 3. e3 Nf6 4. c4 b6 5. Nc3 Bb7 6. Be2 Be7 7. O-O O-O 8. a3
Ne4 9. Nxe4 fxe4 10. Nd2 d5 11. cxd5 exd5 12. b4 Bd6 13. b5 Rf6 14. Qb3 Rh6 15.
g3 Qd7 16. f3 Qh3 17. Rf2 Bxg3 18. Bf1 Bxf2+ 0-1

[Event "IX Festival Open"]
[Site "Amantea ITA"]
[Date "2011.09.09"]
[Round "6"]
[White "Donati, Michele"]
[Black "Rizzuti, Pasquale"]
[Result "0-1"]
[WhiteElo "1703"]
[BlackElo "1856"]
[PlyCount "136"]
[EventDate "2011.09.04"]

1. c4 Nf6 2. Nf3 g6 3. g3 Bg7 4. Bg2 O-O 5. O-O c6 6. d4 d5 7. cxd5 cxd5 8. Nc3
Nc6 9. Ne5 e6 10. Nxc6 bxc6 11. h3 Nh5 12. g4 Nf6 13. Bf4 Bb7 14. Qb3 Qb6 15.
e3 Rfc8 16. Na4 Qxb3 17. axb3 Ba6 18. Rfc1 Nd7 19. Nc5 Nxc5 20. Rxc5 Bb5 21.
Rac1 Bf8 22. R5c2 a5 23. f3 f5 24. e4 Ra6 25. exd5 exd5 26. Be5 Kf7 27. f4 Ke6
28. Re1 Bb4 29. Re3 Kd7 30. gxf5 gxf5 31. Rg3 Bf8 32. h4 Raa8 33. Bh3 Ke6 34.
Rg5 Bd3 35. Rc3 Be4 36. Re3 Be7 37. Rh5 Rg8+ 38. Kf2 Raf8 39. Rxh7 c5 40. Rh6+
Kd7 41. Rh5 cxd4 42. Bxd4 Bd6 43. Rc3 Bxf4 44. Rh7+ Kd6 45. Bc5+ Ke5 46. Bxf8
Rxf8 47. Bg2 d4 48. Rc5+ Kd6 49. Rxa5 Be3+ 50. Kf1 Bd3+ 51. Ke1 Rg8 52. Rd5+
Ke6 53. Rdd7 Rxg2 54. Rhe7+ Kf6 55. Rxe3 dxe3 56. Rxd3 f4 57. b4 Rxb2 58. Rd4
Ke5 59. Rd8 Rxb4 60. Re8+ Kf5 61. h5 Rb2 62. h6 Rh2 63. Rh8 Ke4 64. h7 Kf3 65.
Kd1 e2+ 66. Kd2 Kf2 67. Re8 f3 68. Re7 Rxh7 0-1

[Event "IX Festival Open"]
[Site "Amantea ITA"]
[Date "2011.09.09"]
[Round "6"]
[White "Greco, Simone"]
[Black "Russo, Arianna"]
[Result "1-0"]
[WhiteElo "1570"]
[BlackElo "1696"]
[PlyCount "33"]
[EventDate "2011.09.04"]

1. e4 c5 2. Nc3 d6 3. g3 Nf6 4. Bg2 g6 5. Nge2 Bg7 6. d3 O-O 7. f4 Nc6 8. O-O
Rb8 9. h3 Bd7 10. Be3 b5 11. Qd2 b4 12. Nd1 Qb6 13. g4 Nd4 14. Ng3 Nc6 15. g5
Ne8 16. h4 Bxb2 17. Nxb2 1-0

[Event "IX Festival Open"]
[Site "Amantea ITA"]
[Date "2011.09.09"]
[Round "6"]
[White "Ielapi, Vito"]
[Black "Pelyushenko, Vladyslav"]
[Result "1-0"]
[WhiteElo "1848"]
[BlackElo "1812"]
[PlyCount "41"]
[EventDate "2011.09.04"]

1. e4 c5 2. Nf3 d6 3. d4 cxd4 4. Nxd4 Nf6 5. Nc3 a6 6. Bg5 e5 7. Nf5 Bxf5 8.
Bxf6 Qxf6 9. Nd5 Qd8 10. exf5 Nd7 11. Qf3 b5 12. Bd3 Rc8 13. O-O Nf6 14. Nb4
Qb6 15. Qe2 Rc5 16. a4 bxa4 17. Nxa6 Be7 18. Nxc5 Qxc5 19. Bb5+ Nd7 20. Rxa4
Bd8 21. Rfa1 1-0

[Event "IX Festival Open"]
[Site "Amantea ITA"]
[Date "2011.09.09"]
[Round "6"]
[White "La Franca, Vincenzo"]
[Black "Anselmi, Beatrice"]
[Result "0-1"]
[WhiteElo "1640"]
[BlackElo "1734"]
[PlyCount "56"]
[EventDate "2011.09.04"]

1. Nf3 Nf6 2. c4 e6 3. b3 d5 4. cxd5 exd5 5. Bb2 Be7 6. g3 c6 7. Bg2 O-O 8. O-O
Re8 9. d3 Nbd7 10. Nbd2 Nf8 11. Rc1 Ng6 12. e3 Bf5 13. Qc2 Bd6 14. Nd4 Bd7 15.
Qb1 Rc8 16. e4 Bb4 17. Bc3 Bxc3 18. Rxc3 c5 19. N4f3 Bb5 20. Rfc1 dxe4 21. dxe4
b6 22. Bf1 Bc6 23. Re3 Ng4 24. Ree1 Qf6 25. Qa1 N6e5 26. Qc3 Rcd8 27. h3 Rxd2
28. Nxd2 Qxf2+ 0-1